| Tag |
First Indicator |
Second Indicator |
Subfields |
| LEADER |
00000cam a22000008a 4500 |
| 001 |
in00001109986 |
| 005 |
20150930060742.0 |
| 008 |
920722s1992 miu b 001 0 eng |
| 010 |
|
|
|a 92028589
|
| 020 |
|
|
|a 0472103075
|
| 035 |
|
|
|a (OCoLC)26353994
|
| 035 |
|
|
|9 AFU6057AM
|
| 040 |
|
|
|a DLC
|c DLC
|d TXA
|d UtOrBLW
|
| 043 |
|
|
|a e-fr---
|
| 049 |
|
|
|a TXAM
|
| 050 |
0 |
0 |
|a PQ2605.O28
|b Z684 1992
|
| 082 |
0 |
0 |
|a 848/.91209
|2 20
|
| 100 |
1 |
|
|a Huffer, Lynne,
|d 1960-
|
| 245 |
1 |
0 |
|a Another Colette :
|b the question of gendered writing /
|c Lynne Huffer.
|
| 263 |
|
|
|a 9212
|
| 264 |
|
1 |
|a Ann Arbor :
|b University of Michigan Press,
|c [1992]
|
| 264 |
|
4 |
|c ©1992
|
| 300 |
|
|
|a 194 pages
|
| 336 |
|
|
|a text
|b txt
|2 rdacontent
|
| 337 |
|
|
|a unmediated
|b n
|2 rdamedia
|
| 338 |
|
|
|a volume
|b nc
|2 rdacarrier
|
| 490 |
1 |
|
|a Women and culture series
|
| 504 |
|
|
|a Includes bibliographical references and index.
|
| 500 |
|
|
|a Series statement from jacket.
|
| 600 |
0 |
0 |
|a Colette,
|d 1873-1954
|x Criticism and interpretation.
|
| 650 |
|
0 |
|a Feminism and literature
|z France
|x History
|y 20th century.
|
| 650 |
|
0 |
|a Women and literature
|z France
|x History
|y 20th century.
|
| 650 |
|
0 |
|a Authorship
|x Sex differences.
|
| 830 |
|
0 |
|a Women and culture series.
|
| 999 |
|
|
|a MARS
|
| 999 |
f |
f |
|s 481c8642-8560-3f2e-a25e-c55161eac3f1
|i e016ba53-0f7d-3fa5-8167-3a9ec0785e9b
|t 0
|
| 952 |
f |
f |
|p normal
|a Texas A&M University
|b College Station
|c Sterling C. Evans Library
|d Evans: Library Stacks
|t 0
|e PQ2605.O28 Z684 1992
|h Library of Congress classification
|i unmediated -- volume
|m A14816885774
|
| 998 |
f |
f |
|a PQ2605.O28 Z684 1992
|t 0
|l Evans: Library Stacks
|